Central Library OPAC University of Rajshahi

Linear and interface circuits applications / (Record no. 66473)

MARC details
000 -LEADER
fixed length control field 01095nam a2200313 a 4500
001 - CONTROL NUMBER
control field 66473
003 - CONTROL NUMBER IDENTIFIER
rucl marc code BD-RjUL
005 - DATE AND TIME OF LATEST TRANSACTION
control field 20211209081539.0
008 - FIXED-LENGTH DATA ELEMENTS--GENERAL INFORMATION
fixed length control field 170316s1988 nyua 001 0 eng d
020 ## - INTERNATIONAL STANDARD BOOK NUMBER
International Standard Book Number 0070637636
International Standard Book Number 0070637644
035 ## - SYSTEM CONTROL NUMBER
System control number (BD-RjUL)66603
040 ## - CATALOGING SOURCE
Original cataloging agency DLC
Transcribing agency BD-RjUL
Modifying agency BD-RjUL
Language of cataloging eng
041 ## - LANGUAGE CODE
Language code of text/sound track or separate title eng
082 ## - DEWEY DECIMAL CLASSIFICATION NUMBER
Classification number 621.395
Edition number 23
Author mark and year PIL 1988
100 1# - MAIN ENTRY--PERSONAL NAME
Personal name Pippenger, Dale E.
9 (RLIN) 196730
245 10 - TITLE STATEMENT
Title Linear and interface circuits applications /
Statement of responsibility, etc. D.E. Pippenger and E.J. Tobaben [and] contributors, C.L. McCollum, Field Applications Engineering, Linear Product Engineering.
250 ## - EDITION STATEMENT
Edition statement 2nd ed.
260 ## - PUBLICATION, DISTRIBUTION, ETC. (IMPRINT)
Place of publication, distribution, etc. New York :
Name of publisher, distributor, etc. McGraw-Hill,
Date of publication, distribution, etc. c1988.
300 ## - PHYSICAL DESCRIPTION
Pagination 539 p. in various pagings :
Illustrations ill. ;
Size 28 cm.
500 ## - GENERAL NOTE
General note Includes index.
650 #0 - SUBJECT ADDED ENTRY--TOPICAL TERM
Topical term or geographic name as entry element Linear integrated circuits.
9 (RLIN) 196732
Topical term or geographic name as entry element Interface circuits.
9 (RLIN) 196733
700 1# - ADDED ENTRY--PERSONAL NAME
Personal name Tobaben, E. J.
710 2# - ADDED ENTRY--CORPORATE NAME
Corporate name or jurisdiction name as entry element Texas Instruments Incorporated.
9 (RLIN) 196735
830 ## - SERIES ADDED ENTRY--UNIFORM TITLE
Uniform title Texas Instruments electronics series
942 ## - ADDED ENTRY ELEMENTS (KOHA)
Source of classification or shelving scheme Dewey Decimal Classification
Koha item type Books
Holdings
Lost status Source of classification or shelving scheme Damaged status Not for loan Collection code Permanent Location Current Location Shelving location Date acquired Source of acquisition Cost, normal purchase price Total Checkouts Full call number Date last seen Copy number Koha item type
  Dewey Decimal Classification   Not For Loan Non-fiction Central Library, University of Rajshahi Central Library, University of Rajshahi Reading Room 04/03/2009 Dhaka, paragon Enterprises Ltd. 62.00   621.395 PIL 1988 16/03/2017 c-1 Books